| 000 | 01760cam a2200505 i 4500 | ||
|---|---|---|---|
| 001 | coachingforimpro00four | ||
| 003 | CaSfIA | ||
| 005 | 20230525155151.0 | ||
| 007 | cr|||| | ||
| 008 | 771116s1978 nyu b 001 0 eng | ||
| 010 | _a 77025199 | ||
| 040 |
_aDLC _cDLC _dMUQ _dBAKER _dNLGGC _dBTCTA _dDEBBG _dCaSfIA |
||
| 020 | _z0442244605 | ||
| 035 | _a(OCoLC)3481322 | ||
| 050 | 0 | 0 |
_aHF5549 _b.F65 |
| 082 | 0 | 0 | _a658.3 |
| 084 |
_a85.62 _2bcl |
||
| 084 |
_aQV 584 _2rvk |
||
| 084 |
_aQV 570 _2rvk |
||
| 100 | 1 | _aFournies, Ferdinand F. | |
| 245 | 1 | 0 |
_aCoaching for improved work performance / _h[electronic resource] _cFerdinand F. Fournies. |
| 260 |
_aNew York : _bVan Nostrand Reinhold Co., _cc1978. |
||
| 300 |
_ax, 214 p. ; _c24 cm. |
||
| 504 | _aBibliography: p. 209-211. | ||
| 500 | _aIncludes index. | ||
| 530 | _aAlso issued online. | ||
| 650 | 0 | _aSupervision of employees. | |
| 650 | 0 |
_aEmployees _xCoaching of. |
|
| 650 | 0 | _aPersonnel management. | |
| 650 | 6 |
_aPersonnel _xSupervision. |
|
| 650 | 6 |
_aPersonnel _xDirection. |
|
| 650 | 0 | 7 |
_aFührung. _2swd |
| 776 | 0 | 8 |
_iOnline version: _aFournies, Ferdinand F. _tCoaching for improved work performance. _dNew York : Van Nostrand Reinhold Co., c1978 _w(OCoLC)610106712 |
| 856 | 4 | 1 |
_uhttp://www.archive.org/details/coachingforimpro00four _zFree eBook from the Internet Archive |
| 856 | 4 | 2 |
_uhttp://www.openlibrary.org/books/OL4555374M _zAdditional information and access via Open Library |
| 029 | 1 |
_aNLGGC _b790138999 |
|
| 029 | 1 |
_aNZ1 _b4970512 |
|
| 029 | 1 |
_aAU@ _b000001061982 |
|
| 029 | 1 |
_aAU@ _b000023883179 |
|
| 029 | 1 |
_aAU@ _b000021988201 |
|
| 029 | 1 |
_aUNITY _b056459416 |
|
| 029 | 1 |
_aUKHCC _b0442224605 |
|
| 029 | 1 |
_aDEBBG _bBV003335247 |
|
| 029 | 1 |
_aDEBBG _bBV006429460 |
|
| 999 |
_c23052 _d23052 |
||